00397 a2200145 4500020001800000040001300018082001200031100002900043245006000072260004300132300001100175650001900186651001800205700002800223 a9780141184999 aDLCbDLC a863,MAR aMarquez, Gabriel Garcia  aOne hundred years of solitude /cGabriel Garcia Marquez aUSAbPenguin Bookc1970 Reprinted 2021 a422 p. aNovel, Macondo aLatin America 4 Gabriel Garcia Marquez